Statistics for Serbian Historical Figures

Click here to take the quiz!

General Stats

  • This quiz has been taken 472 times
  • The average score is 11 of 15

Answer Stats

Answer% Correct
Nikola Tesla
97%
Sveti Sava
95%
Karađorđe Petrović
89%
Stefan Nemanja
79%
Vuk Karadžić
74%
Dositej Obradović
71%
Petar Karađorđević
70%
Aleksandar Karađorđević
69%
Mihajlo Pupin
68%
Lazar Hrebeljanović
65%
Živojin Mišić
65%
Miloš Obrenović
64%
Stepa Stepanović
62%
Milutin Milanković
61%
Radomir Putnik
55%

Score Distribution

Percentile by Number Answered

Percent of People with Each Score

Your Score History

You have not taken this quiz